| 000 | 00495nam a22001697a 4500 | ||
|---|---|---|---|
| 003 | NUST | ||
| 038 | _aNusrat Nadeem | ||
| 082 | _a200 | ||
| 100 |
_aTaimur, Eeman _9125947 |
||
| 245 |
_aTechnology Adoption in Policing / _cEeman Taimur, |
||
| 264 |
_aIslamabad; _bS3H NUST; _c2024. |
||
| 300 |
_a90,p; _bill; _c30,cm. |
||
| 650 |
_aMS- Economics _9123068 |
||
| 700 |
_aSupervisor: Dr. Verda Salman _9120096 |
||
| 856 | _uhttp://10.250.8.41:8080/xmlui/handle/123456789/46535 | ||
| 942 |
_2ddc _cSC |
||
| 999 |
_c611619 _d611619 |
||